Inženernaja grafika

Na minha lista:
Detalhes bibliográficos
Main Authors: Michajlenko, V.J (Author), Ponomarev, A.M (Author)
Formato: Livro
Idioma:russo
Publicado em: Kijev : Vyšča škola, 1985
Edição:2.preprac. a dopl.vyd.
Assuntos:
Tags: Adicionar Tag
Sem tags, seja o primeiro a adicionar uma tag!

MARC

LEADER 00000nam a22000003a 4500
001 stu39353
005 20150617225722.1
008 930120s1985----xxr-----------------rus-d
040 |a STU  |b slo 
041 0 |a rus 
044 |a xxr 
080 |a 744 
100 1 |a Michajlenko, V.J  |4 aut 
245 1 |a Inženernaja grafika 
250 |a 2.preprac. a dopl.vyd. 
260 |a Kijev :  |b Vyšča škola,  |c 1985 
300 |a 293 s 
650 7 |a kreslenie technické  |2 stusub 
650 7 |a Grafika inžinierska  |2 stusub 
700 1 |a Ponomarev, A.M  |4 aut 
996 |b 284M061710  |c M*1728-1  |l MMKN  |s A  |a 24  |w stu39353_0001